[Event "European Cities & Towns Chess Championship - Women"]
[Site "Central Europe"]
[Date "2023.01.29"]
[Round "6.5.4"]
[White "Kane, Marta"]
[Black "Vlahopoulou, Valeria"]
[Result "1-0"]
[WhiteElo "1836"]
[BlackElo "1000"]
[BlackTeam "Corfu, Greece"]
[Termination "time forfeit"]
[WhiteCountry "LV"]
[WhiteFideId "11603569"]
[WhiteTeam "Kuldiga CC - Latvia"]

1. d4 d5 2. Nf3 Nc6 3. Bf4 Bf5 4. c3 Nf6 5. e3 e6 6. h3 h5 7. Bd3 Bxd3 8. 
Qxd3 Bd6 9. Ne5 O-O 10. Nd2 Bxe5 11. Bxe5 Nxe5 12. dxe5 Ne4 13. Nxe4 dxe4 
14. Qxe4 Qd5 15. Qxd5 exd5 16. O-O-O c6 17. f4 Rfe8 18. Rde1 Rad8 19. Rhg1
Kh7 20. g4 hxg4 21. Rxg4 Kh6 22. Reg1 g6 23. f5 Rg8 24. f6 Kh5 25. Rg5+ 
Kh4 26. Kd2 Rh8 27. Ke2 Rh5 28. Rxh5+ Kxh5 29. Kf3 g5 30. Rg4 Re8 31. Rb4 
b5 32. e4 Rxe5 33. exd5 Rxd5 34. Kg3 Rf5 35. a4 bxa4 36. Rxa4 a5 37. Rc4 
Rxf6 38. Rc5 a4 39. h4 Rg6 40. Kh3 Kh6 41. hxg5+ Rxg5 42. Rxc6+ Kg7 43. 
Ra6 f5 44. Rxa4 Kf6 45. Ra5 Rg1 46. Ra8 Rb1 47. Rb8 Kg5 48. Kg3 f4+ 49. 
Kf3 Kf5 50. Rb5+ Ke6 51. Kxf4 Rf1+ 52. Ke4 Re1+ 53. Kd4 Rd1+ 54. Kc5 Rd5+ 
55. Kc4 Rd6 56. b4 Rc6+ 57. Rc5 Rd6 58. b5 Rb6 59. Kb4 Kd6 60. c4 Kd7 61. 
Ka5 Rd6 62. b6 Ke7 63. b7 Rd8 64. Rc8 1-0

[Event "European Cities & Towns Chess Championship - Women"]
[Site "Central Europe"]
[Date "2023.01.29"]
[Round "6.6.1"]
[White "Pica, Eleni"]
[Black "Caku, Kler"]
[Result "1-0"]
[WhiteElo "1048"]
[BlackElo "1656"]
[BlackCountry "AL"]
[BlackFideId "4704703"]
[BlackTeam "TEUTA - Durres Albania"]
[WhiteCountry "CY"]
[WhiteFideId "5910005"]
[WhiteTeam "Nicosia"]

1. d4 d5 2. c4 e6 3. Nc3 Nf6 4. Nf3 Be7 5. Bf4 a6 6. c5 O-O 7. e3 Nc6 8. 
Bd3 Bd7 9. O-O Nh5 10. Bg3 Nxg3 11. hxg3 Nb4 12. Bb1 f5 13. Ne5 Nc6 14. 
Nxc6 Bxc6 15. Qh5 Rf6 16. Ne2 Bb5 17. Re1 Rh6 18. Qf3 Bxe2 19. Rxe2 Qe8 
20. g4 fxg4 21. Qxg4 b6 22. b4 c6 23. Bd3 Qb8 24. Qf4 Qe8 25. Qf3 Bd8 26. 
g3 e5 27. dxe5 Qxe5 28. Qf5 Qxa1+ 29. Bb1 Qf6 30. Qd7 Qf7 31. Qg4 bxc5 32.
 bxc5 Rb8 33. Bf5 Rf6 34. e4 dxe4 35. Bxe4 Be7 36. Bd3 Kh8 37. Qe4 Rh6 38.
 Qxe7 Qh5 39. Qh4 Qxh4 40. gxh4 Rxh4 41. Bxa6 Ra4 42. Bd3 Ra5 43. Re5 Ra3 
44. Bc4 Rc3 45. Bb3 Rc1+ 46. Kg2 h6 47. Kf3 Kh7 48. Ke2 Rd8 49. a4 Rb1 50.
 Be6 Rb2+ 51. Ke3 g6 52. Kf4 Rb4+ 53. Re4 g5+ 54. Ke3 Rxe4+ 55. Kxe4 Re8 
56. Kf5 Kg7 57. Bd7 Rf8+ 58. Ke5 Rf6 59. a5 h5 60. a6 h4 61. a7 Rf8 62. 
Bxc6 h3 63. a8=Q Rxa8 64. Bxa8 h2 65. Bh1 g4 66. c6 Kg6 67. c7 Kg5 68. 
c8=Q Kh4 69. Qh8+ Kg5 70. Qxh2 Kg6 71. Be4+ Kg5 72. Qf4+ Kh4 73. Qg3+ Kg5 
74. f4+ Kh5 75. Qh2# 1-0

[Event "European Cities & Towns Chess Championship - Women"]
[Site "Central Europe"]
[Date "2023.01.29"]
[Round "6.6.2"]
[White "Paja, Valdete"]
[Black "Antoniou, Evalena"]
[Result "1-0"]
[WhiteElo "1257"]
[BlackElo "1000"]
[BlackCountry "CY"]
[BlackFideId "5908744"]
[BlackTeam "Nicosia"]
[Termination "time forfeit"]
[WhiteCountry "AL"]
[WhiteFideId "4707761"]
[WhiteTeam "TEUTA - Durres Albania"]

1. d4 d5 2. Bf4 Nc6 3. e3 Nf6 4. a3 Bf5 5. h3 e6 6. Nf3 Bd6 7. Bxd6 Qxd6 
8. c4 O-O 9. Be2 Be4 10. c5 Qe7 11. O-O Na5 12. Nc3 Nc4 13. Bxc4 dxc4 14. 
Rc1 Rad8 15. Nxe4 Nxe4 16. Rxc4 e5 17. Rb4 Nf6 18. Nxe5 Nd5 19. Rxb7 a5 
20. Nc6 Qg5 21. Nxd8 Rxd8 22. Qd3 c6 23. b4 Ne7 24. bxa5 Nf5 25. f4 Qg6 
26. Rf3 Nh4 27. Qxg6 fxg6 28. Rf1 Nf5 29. Re1 Ng3 30. a6 Ra8 31. a7 Rf8 
32. Rb8 Kf7 33. Rxf8+ Kxf8 34. a8=Q+ Kf7 35. Qxc6 Nf5 36. Qd5+ Ke7 37. e4 
Nxd4 38. Qxd4 Kf7 39. c6 Ke7 40. c7 1-0

[Event "European Cities & Towns Chess Championship - Women"]
[Site "Central Europe"]
[Date "2023.01.29"]
[Round "6.6.3"]
[White "Drakoularakou, Evangelia"]
[Black "Ndreko, Ailin"]
[Result "0-1"]
[WhiteElo "1000"]
[BlackElo "1256"]
[BlackCountry "AL"]
[BlackFideId "4705807"]
[BlackTeam "TEUTA - Durres Albania"]
[WhiteTeam "Nicosia"]

1. e4 e5 2. d3 Nf6 3. f3 Nc6 4. Nc3 Bb4 5. a3 Ba5 6. b4 Bb6 7. Bg5 O-O 8. 
h4 h6 9. Bd2 d5 10. exd5 Nxd5 11. Nxd5 Qxd5 12. c4 Qd4 13. Ne2 Qf2# 0-1

[Event "European Cities & Towns Chess Championship - Women"]
[Site "Central Europe"]
[Date "2023.01.29"]
[Round "7.1.1"]
[White "Unuk, Laura"]
[Black "Can, Isil"]
[Result "1-0"]
[WhiteElo "2296"]
[BlackElo "2007"]
[BlackCountry "TR"]
[BlackFideId "34505733"]
[BlackTeam "Istanbul"]
[BlackTitle "WCM"]
[WhiteCountry "SI"]
[WhiteFideId "14609215"]
[WhiteTeam "Ljubljana Women"]
[WhiteTitle "IM"]

1. d4 d5 2. c4 c6 3. Nf3 Nf6 4. e3 e6 5. b3 Nbd7 6. Bd3 b6 7. O-O c5 8. 
cxd5 exd5 9. Bb2 Bb7 10. Nc3 Be7 11. Qc2 O-O 12. Rad1 Rc8 13. Qb1 Re8 14. 
Bf5 g6 15. Bh3 c4 16. bxc4 Rxc4 17. Ne5 Nxe5 18. dxe5 Nh5 19. Rfe1 Bb4 20.
 Qd3 Bxc3 21. Bxc3 Qc7 22. Bd4 Ng7 23. f4 Ne6 24. f5 Nc5 25. Qf1 Rxe5 26. 
Bxe5 Qxe5 27. f6 h5 28. Qf3 Ne4 29. Rc1 Ng5 30. Qg3 Qxf6 31. Rxc4 dxc4 32.
 Qb8+ Kh7 33. Qxb7 Nxh3+ 34. gxh3 Qg5+ 35. Kh1 1-0

[Event "European Cities & Towns Chess Championship - Women"]
[Site "Central Europe"]
[Date "2023.01.29"]
[Round "7.1.2"]
[White "Onur, Cigdem"]
[Black "Urh, Zala"]
[Result "0-1"]
[WhiteElo "1922"]
[BlackElo "2282"]
[BlackCountry "SI"]
[BlackFideId "14611481"]
[BlackTeam "Ljubljana Women"]
[BlackTitle "WIM"]
[Termination "time forfeit"]
[WhiteCountry "TR"]
[WhiteFideId "6346030"]
[WhiteTeam "Istanbul"]
[WhiteTitle "WCM"]

1. e4 c5 2. Nf3 Nc6 3. Bb5 e5 4. O-O Bd6 5. c3 a6 6. Ba4 b5 7. Bc2 Nge7 8.
 Re1 O-O 9. d4 cxd4 10. cxd4 Nxd4 11. Nxd4 exd4 12. Qxd4 Qc7 13. e5 Qxc2 
14. exd6 Ng6 15. Nc3 Bb7 16. Nd5 Qc6 17. Ne3 Rfe8 18. f3 Re6 19. Rd1 Rae8 
20. b3 f6 21. Kf2 Ne5 22. Nf5 Nxf3 23. Qg4 Ng5 24. Be3 Qe4 25. Nh6+ gxh6 
0-1

[Event "European Cities & Towns Chess Championship - Women"]
[Site "Central Europe"]
[Date "2023.01.29"]
[Round "7.1.3"]
[White "Vidic, Teja"]
[Black "Hereklioglu, Sude"]
[Result "1-0"]
[WhiteElo "2138"]
[BlackElo "1911"]
[BlackCountry "TR"]
[BlackFideId "6359531"]
[BlackTeam "Istanbul"]
[BlackTitle "WFM"]
[WhiteCountry "SI"]
[WhiteFideId "14605511"]
[WhiteTeam "Ljubljana Women"]
[WhiteTitle "WIM"]

1. e4 c5 2. Nf3 Nc6 3. Bb5 g6 4. Bxc6 bxc6 5. O-O Bg7 6. c3 e5 7. d4 cxd4 
8. cxd4 exd4 9. Nxd4 Nf6 10. Bg5 Qa5 11. h4 O-O 12. Nc3 Re8 13. Re1 Qb4 
14. Qd2 Rb8 15. Rab1 Ba6 16. Nc2 Qb7 17. b3 Ng4 18. Rbd1 Ne5 19. h5 Qc7 
20. h6 Bh8 21. Ne3 Nd3 22. Re2 Qe5 23. Nc4 Bxc4 24. bxc4 Nc5 25. Rc1 Qd4 
26. Be3 Qxd2 27. Bxd2 Rb2 28. f3 Nd3 29. Rd1 Bxc3 30. Bxc3 Rxe2 31. Rxd3 
Rxa2 32. Rxd7 a5 33. e5 Rc2 34. Bd4 f6 35. exf6 Rf8 36. Rg7+ Kh8 37. f7 
Rxf7 38. Rxf7+ Kg8 39. Rg7+ Kf8 40. Rxh7 a4 41. Ra7 Rxc4 42. h7 Rxd4 43. 
h8=Q# 1-0

[Event "European Cities & Towns Chess Championship - Women"]
[Site "Central Europe"]
[Date "2023.01.29"]
[Round "7.1.4"]
[White "Mustu, Hatice Asli"]
[Black "Rozman, Monika"]
[Result "1-0"]
[WhiteElo "1903"]
[BlackElo "2125"]
[BlackCountry "SI"]
[BlackFideId "14609118"]
[BlackTeam "Ljubljana Women"]
[BlackTitle "WFM"]
[WhiteCountry "TR"]
[WhiteFideId "34576843"]
[WhiteTeam "Istanbul"]

1. d4 d5 2. c4 c6 3. Nf3 Nf6 4. e3 a6 5. b3 Bf5 6. Nbd2 e6 7. Bb2 Nbd7 8. 
Be2 Be7 9. O-O O-O 10. Nh4 Bg6 11. Nxg6 hxg6 12. Bd3 a5 13. e4 dxe4 14. 
Nxe4 Nxe4 15. Bxe4 Nf6 16. Bf3 a4 17. Re1 Bb4 18. Re3 a3 19. Bc3 Qa5 20. 
Re5 Qb6 21. Qd2 Bxc3 22. Qxc3 Rfd8 23. Rd1 Rd7 24. h3 Rad8 25. c5 Qa6 26. 
Rd2 Qa7 27. b4 Ne8 28. Re3 Ra8 29. Be2 Nc7 30. Bc4 Nd5 31. Bxd5 Rxd5 32. 
Rdd3 Qb8 33. Qd2 Qf4 34. g3 Qf6 35. Rf3 Qd8 36. Qf4 Qd7 37. Qh4 Rd8 38. 
Qf4 Rf5 39. Qc1 Rxf3 40. Rxf3 Qxd4 41. Qxa3 Qe4 42. Qe3 Qb1+ 43. Kg2 Rd1 
44. Rf4 Qxa2 45. Qf3 Qb1 46. Rxf7 Rg1+ 47. Kh2 Rh1+ 48. Qxh1 Qxh1+ 49. 
Kxh1 Kxf7 50. Kg2 Kf6 51. Kf3 Ke5 52. Ke3 Kd5 53. Kd3 g5 54. f3 e5 55. h4 
gxh4 56. gxh4 g6 57. Ke3 Kc4 58. Ke4 Kxb4 59. Kxe5 Kxc5 60. f4 b5 61. f5 
gxf5 62. h5 f4 63. h6 b4 64. h7 b3 65. h8=Q b2 66. Qh1 Kb4 67. Qb1 Kb3 68.
 Kxf4 c5 69. Ke4 c4 70. Kd4 c3 71. Kd3 Kb4 72. Qc2 Ka3 73. Kxc3 Ka2 74. 
Qxb2# 1-0

[Event "European Cities & Towns Chess Championship - Women"]
[Site "Central Europe"]
[Date "2023.01.29"]
[Round "7.2.1"]
[White "Houska, Jovanka"]
[Black "Avramidou, Anastasia"]
[Result "1-0"]
[WhiteElo "2338"]
[BlackElo "2321"]
[BlackCountry "GR"]
[BlackFideId "4239873"]
[BlackTeam "Thessaloniki"]
[BlackTitle "FM"]
[WhiteCountry "GB"]
[WhiteFideId "405094"]
[WhiteTeam "London Women"]
[WhiteTitle "IM"]

1. d4 Nf6 2. Nf3 g6 3. g3 Bg7 4. Bg2 d5 5. O-O O-O 6. c4 Nc6 7. cxd5 Nxd5 
8. e4 Nb6 9. d5 Na5 10. Nc3 c6 11. Bg5 h6 12. Bf4 cxd5 13. exd5 Nac4 14. 
Qe2 Bg4 15. h3 Bf5 16. Rac1 Rc8 17. g4 Bd7 18. b3 Nd6 19. Be5 Rxc3 20. 
Rxc3 Bb5 21. Qd1 Bxf1 22. Kxf1 Ne4 23. Re3 Nf6 24. d6 exd6 25. Qxd6 Qxd6 
26. Bxd6 Rd8 27. Ba3 Rd1+ 28. Re1 Rxe1+ 29. Kxe1 Nfd5 30. Bd6 Bc3+ 31. Kf1
Bb4 32. Be5 Bc3 33. Bb8 a5 34. Ne5 Kg7 35. Nc4 Nxc4 36. Bxd5 Nd2+ 37. Ke2 
b5 38. Kd3 b4 39. Bc7 Nb1 40. Bxa5 Na3 41. Bc6 Be1 42. Bb6 f5 43. Bd4+ Kf7
44. Bd5+ Ke7 45. f3 fxg4 46. fxg4 h5 47. gxh5 gxh5 48. Be3 Nb5 49. Bf3 h4 
50. Bc5+ Kf6 51. Kc4 Na3+ 52. Kd3 Nb5 53. Bg4 Kg5 54. Be3+ Kf6 55. Bc5 Ke5
56. Bd7 Na3 57. Be8 Kd5 58. Bf8 Nb1 59. Ke2 Bc3 60. Be7 Bd4 61. Bxb4 Bc3 
62. Be7 Bd4 63. Bf7+ Kc6 64. Kd3 Bf2 65. Bb4 Kb5 66. a3 Bg3 67. Kc2 Be1 
68. Kxb1 1-0

[Event "European Cities & Towns Chess Championship - Women"]
[Site "Central Europe"]
[Date "2023.01.29"]
[Round "7.2.2"]
[White "Grapsa, Georgia"]
[Black "Yao, Lan"]
[Result "0-1"]
[WhiteElo "1989"]
[BlackElo "2271"]
[BlackCountry "GB"]
[BlackFideId "8610835"]
[BlackTeam "London Women"]
[BlackTitle "WIM"]
[WhiteCountry "GR"]
[WhiteFideId "4206436"]
[WhiteTeam "Thessaloniki"]
[WhiteTitle "WFM"]

1. d4 Nf6 2. c4 e6 3. Nf3 b6 4. g3 Bb7 5. Bg2 Be7 6. O-O O-O 7. Nc3 Ne4 8.
 Qc2 Nxc3 9. bxc3 f5 10. d5 Na6 11. Nd4 Nc5 12. a4 Qc8 13. a5 Rb8 14. Nb5 
a6 15. Na7 Qd8 16. axb6 cxb6 17. dxe6 Bxg2 18. Kxg2 Qc7 19. Bf4 d6 20. 
Rfd1 Qxa7 21. Bxd6 Bxd6 22. Rxd6 Qe7 23. Rad1 Nxe6 24. Rd7 Qf6 25. Qa2 Nc5
26. R7d6 Qxc3 27. R1d3 0-1

[Event "European Cities & Towns Chess Championship - Women"]
[Site "Central Europe"]
[Date "2023.01.29"]
[Round "7.2.3"]
[White "Toma, Katarzyna"]
[Black "Drakaki, Anna-Maria"]
[Result "0-1"]
[WhiteElo "2232"]
[BlackElo "1941"]
[BlackCountry "GR"]
[BlackFideId "4225210"]
[BlackTeam "Thessaloniki"]
[Termination "time forfeit"]
[WhiteCountry "GB"]
[WhiteFideId "1119907"]
[WhiteTeam "London Women"]
[WhiteTitle "WGM"]

1. e4 c5 2. Nf3 d6 3. d4 cxd4 4. Qxd4 a6 5. c4 Nc6 6. Qd3 h6 7. Nc3 Nf6 8.
 Be2 e5 9. h3 Be7 10. Be3 O-O 11. O-O Be6 12. Rac1 Rc8 13. a3 Nd7 14. b4 
f5 15. exf5 Bxf5 16. Qd2 Nf6 17. Rfd1 Qe8 18. b5 Na5 19. Qa2 Be6 20. bxa6 
bxa6 21. Nd5 Nb7 22. Qb2 Nc5 23. Nxe7+ Qxe7 24. Qb6 Nfe4 25. Bxc5 Rxc5 26.
 Qxa6 Rfc8 27. Nd2 Nxd2 28. Rxd2 R5c6 29. Qa5 Qg5 30. Rcd1 Rc5 31. Qb6 
Bxh3 32. Bf3 Rxc4 33. Qxd6 Rc1 34. Qd5+ Kh8 35. Kh2 Bg4 36. Bxg4 Qxg4 37. 
Rxc1 Rxc1 38. Qd8+ Kh7 39. Qd3+ e4 40. Qe3 Qh4+ 41. Qh3 Qf4+ 42. g3 Qxd2 
43. Qf5+ Kg8 44. Qe6+ Kf8 45. Qf5+ Ke8 46. Qxe4+ Kd7 47. Qf5+ Kc6 48. Qe6+
Qd6 49. Qe4+ Kc7 0-1

[Event "European Cities & Towns Chess Championship - Women"]
[Site "Central Europe"]
[Date "2023.01.29"]
[Round "7.2.4"]
[White "Pasoglou, Ekaterini"]
[Black "Hryshchenko, Kamila"]
[Result "0-1"]
[WhiteElo "1872"]
[BlackElo "2139"]
[BlackCountry "GB"]
[BlackFideId "14147491"]
[BlackTeam "London Women"]
[Termination "time forfeit"]
[WhiteCountry "GR"]
[WhiteFideId "4247663"]
[WhiteTeam "Thessaloniki"]

1. e4 g6 2. d4 Bg7 3. Be3 d6 4. Nc3 Nf6 5. f3 a6 6. Qd2 h6 7. g4 b5 8. a3 
Nbd7 9. h4 Nb6 10. b3 Nfd7 11. Nge2 e6 12. Bg2 Rb8 13. Rd1 Qe7 14. Nf4 Bf6
15. Bf2 c6 16. Bg3 Bb7 17. Nfe2 Rc8 18. Qf4 c5 19. e5 dxe5 20. dxe5 Bxe5 
21. Qe3 Bxg3+ 22. Nxg3 Nf6 23. Nge4 Nfd5 24. Nxd5 Nxd5 25. Qd2 f5 26. Nf2 
c4 27. Qd4 O-O 28. O-O Rfd8 29. Qe5 Qf6 30. Qe2 Nc3 31. Rxd8+ Rxd8 32. Qe3
Nd5 33. Qxh6 cxb3 34. cxb3 Qg7 35. Qg5 Qf6 36. Qxf6 Nxf6 37. gxf5 gxf5 38.
 Nh3 Bd5 39. Ng5 Bxb3 40. Re1 Rd6 41. f4 Nh7 42. Bb7 Nxg5 43. fxg5 a5 44. 
Re3 Bc4 45. h5 Rd4 46. Bf3 b4 47. axb4 axb4 48. h6 b3 49. Re1 Bd3 50. Be2 
Be4 51. Bb5 b2 0-1

[Event "European Cities & Towns Chess Championship - Women"]
[Site "Central Europe"]
[Date "2023.01.29"]
[Round "7.3.1"]
[White "Reizniece-Ozola, Dana"]
[Black "Cvitan, Ena"]
[Result "0-1"]
[WhiteElo "2265"]
[BlackElo "2301"]
[BlackCountry "HR"]
[BlackFideId "14534215"]
[BlackTeam "Rijeka"]
[BlackTitle "FM"]
[WhiteCountry "LV"]
[WhiteFideId "11601124"]
[WhiteTeam "Kuldiga CC - Latvia"]
[WhiteTitle "WGM"]

1. c4 e6 2. g3 d5 3. Bg2 Nf6 4. Nf3 Nbd7 5. b3 c6 6. O-O Bd6 7. Bb2 e5 8. 
cxd5 cxd5 9. d4 e4 10. Ne5 Qe7 11. f4 h5 12. Nc3 a6 13. Rc1 h4 14. e3 Nf8 
15. gxh4 Rxh4 16. Qe1 Rh7 17. Rc2 g6 18. Na4 Be6 19. Nc5 a5 20. Qe2 Bd7 
21. Nxb7 Ne6 22. Nxd6+ Qxd6 23. Rfc1 Kf8 24. Nxd7+ Qxd7 25. Ba3+ Kg7 26. 
h3 Nh5 27. Qf2 Rah8 28. f5 gxf5 29. Qxf5 Rh6 30. Kh2 Rg6 31. Bf1 Ng3 32. 
Qe5+ f6 33. Qxg3 Rxg3 34. Kxg3 Kh6 35. h4 Rg8+ 36. Kh2 Qf7 37. Bh3 Qh5 38.
 Rg2 Rxg2+ 39. Kxg2 Qf3+ 40. Kh2 Qf2+ 41. Bg2 Qxe3 42. Rc6 Qf4+ 43. Kg1 
Qg4 44. Kf1 Kg7 45. Rc2 Nxd4 46. Rd2 Nf5 47. Bc5 Qf4+ 48. Ke1 Qg3+ 49. Kf1
Nxh4 50. Bg1 Qf4+ 51. Bf2 Nxg2 52. Rxd5 Ne3+ 0-1

[Event "European Cities & Towns Chess Championship - Women"]
[Site "Central Europe"]
[Date "2023.01.29"]
[Round "7.3.2"]
[White "Vujnovic, Patricija"]
[Black "Krumina, Linda"]
[Result "1-0"]
[WhiteElo "2130"]
[BlackElo "2073"]
[BlackCountry "LV"]
[BlackFideId "11601701"]
[BlackTeam "Kuldiga CC - Latvia"]
[BlackTitle "WFM"]
[WhiteCountry "HR"]
[WhiteFideId "14502313"]
[WhiteTeam "Rijeka"]
[WhiteTitle "WFM"]

1. d4 Nf6 2. Nf3 e6 3. Bf4 d5 4. e3 Bd6 5. Bg3 Nc6 6. Nbd2 O-O 7. c3 Ne4 
8. Nxe4 dxe4 9. Nd2 f5 10. Bc4 Qf6 11. f3 Bxg3+ 12. hxg3 Qg5 13. Kf2 Rf6 
14. Rh3 Na5 15. Be2 Bd7 16. f4 Qg6 17. Bh5 Qh6 18. Bf7+ Kxf7 19. Rxh6 Rxh6
20. g4 Rg6 21. gxf5 exf5 22. b4 Nc6 23. Nc4 Kf8 24. b5 Ne7 25. Ne5 Rd6 26.
 c4 Be8 27. Qb3 Rad8 28. Rh1 h6 29. a4 Rf6 30. c5 Nd5 31. Qc4 g5 32. g3 
Kg7 33. a5 g4 34. Rb1 h5 35. c6 b6 36. axb6 axb6 37. Ra1 Rh6 38. Qe2 h4 
39. gxh4 Rxh4 40. Kg2 Bh5 41. Rh1 g3 42. Qe1 Rxh1 43. Qxg3+ Kh7 44. Kxh1 
Rg8 45. Qh3 Kh6 46. Qxf5 Nxe3 47. Qf6+ Kh7 48. Qe7+ Rg7 49. Qh4 Kg8 50. 
Qd8+ Kh7 51. Qh4 Kh6 52. Qh3 Ng2 53. f5 Nf4 54. Qe3 Kg5 55. Qxe4 Rh7 56. 
Kg1 Nh3+ 57. Kf1 Kf6 58. Nd7+ Kg5 59. f6 Rf7 60. Qe5+ Kg6 61. Qg3+ Ng5 62.
 Ne5+ Kxf6 63. Nxf7 Nxf7 64. Qxc7 Bg6 65. Qxb6 1-0

[Event "European Cities & Towns Chess Championship - Women"]
[Site "Central Europe"]
[Date "2023.01.29"]
[Round "7.3.3"]
[White "Maklakova, Nellija"]
[Black "Berke, Ana"]
[Result "1/2-1/2"]
[WhiteElo "1817"]
[BlackElo "2108"]
[BlackCountry "HR"]
[BlackFideId "14510359"]
[BlackTeam "Rijeka"]
[BlackTitle "WIM"]
[WhiteCountry "LV"]
[WhiteFideId "11603470"]
[WhiteTeam "Kuldiga CC - Latvia"]

1. d4 d5 2. c4 e6 3. e3 a6 4. Nc3 Nf6 5. a3 Be7 6. Nf3 O-O 7. Bd3 dxc4 8. 
Bxc4 b5 9. Bd3 Bb7 10. O-O Nbd7 11. b4 Bd6 12. e4 e5 13. Bb2 Qe7 14. d5 c5
15. bxc5 Nxc5 16. Bc2 Rac8 17. Nh4 g6 18. Nf3 Rc7 19. Qd2 Rfc8 20. Rac1 
Nh5 21. Ne2 Rf8 22. Bc3 Nf6 23. Ng3 Rfc8 24. Ba5 Rd7 25. Qh6 Qf8 26. Qd2 
Ne8 27. h3 f6 28. Bb4 h5 29. Nh4 Kh7 30. f4 exf4 31. Nxh5 Be5 32. Nxf4 Qh6
33. Nhxg6 Nd6 34. Qe3 Rg8 35. Bxc5 Nc4 36. Qf2 Rdg7 37. Nxe5 fxe5 38. Bd3 
Bc8 39. g4 Bxg4 40. hxg4 Rxg4+ 41. Ng2 Qh3 42. Qf5+ Kh8 43. Qf6+ R4g7 44. 
Rf2 Qxd3 45. Bf8 Qxe4 46. Bxg7+ Rxg7 47. Qf8+ Rg8 48. Qh6+ Qh7 49. Qxh7+ 
Kxh7 50. Kf1 Rd8 51. Rd1 Kg6 52. Ke2 Nxa3 53. Ne3 b4 54. d6 Nb5 55. Nc4 
Nd4+ 56. Rxd4 exd4 57. Kd3 a5 58. Kxd4 a4 59. Kc5 b3 60. Kb4 Ra8 61. Ka3 
Rc8 62. d7 Rd8 63. Kxa4 Kg5 64. Rd2 Kf6 65. Kxb3 Ke7 66. Kc3 Rxd7 67. 
Rxd7+ Kxd7 1/2-1/2

[Event "European Cities & Towns Chess Championship - Women"]
[Site "Central Europe"]
[Date "2023.01.29"]
[Round "7.3.4"]
[White "Kukic, Lora"]
[Black "Kane, Marta"]
[Result "1-0"]
[WhiteElo "1945"]
[BlackElo "1836"]
[BlackCountry "LV"]
[BlackFideId "11603569"]
[BlackTeam "Kuldiga CC - Latvia"]
[Termination "time forfeit"]
[WhiteCountry "HR"]
[WhiteFideId "14520699"]
[WhiteTeam "Rijeka"]

1. d4 d5 2. Nf3 Nf6 3. g3 Bg4 4. Bg2 e6 5. O-O Be7 6. c4 c6 7. Ne5 Bf5 8. 
c5 Nbd7 9. Nd3 O-O 10. Nc3 b6 11. cxb6 axb6 12. Bf4 c5 13. e3 h6 14. h4 
Ra5 15. Ne5 Nxe5 16. Bxe5 Qd7 17. b3 Rc8 18. Na4 Qa7 19. dxc5 bxc5 20. Qe2
c4 21. Bd4 Qb7 22. Nb6 Bd3 23. Qd2 Bxf1 24. Qxa5 Bxg2 25. Nxc8 Qxc8 26. 
Kxg2 1-0

[Event "European Cities & Towns Chess Championship - Women"]
[Site "Central Europe"]
[Date "2023.01.29"]
[Round "7.4.1"]
[White "Stefanidi, Maria-Anna"]
[Black "Lehaci, Miruna-Daria"]
[Result "1/2-1/2"]
[WhiteElo "1955"]
[BlackElo "2154"]
[BlackCountry "RO"]
[BlackFideId "1234765"]
[BlackTeam "Iasi"]
[BlackTitle "WIM"]
[WhiteCountry "GR"]
[WhiteFideId "4207750"]
[WhiteTeam "Kallithea - Athens"]
[WhiteTitle "WFM"]

1. e4 c5 2. Nf3 d6 3. d4 cxd4 4. Nxd4 Nf6 5. Bd3 Nc6 6. Nxc6 bxc6 7. O-O 
g6 8. Nc3 Bg7 9. Kh1 O-O 10. Qe2 Nd7 11. Bd2 Ne5 12. f4 Nxd3 13. cxd3 a5 
14. Rac1 Ba6 15. Rf3 Rb8 16. b3 c5 17. Qf2 Bb7 18. f5 Qd7 19. Qh4 d5 20. 
Bh6 dxe4 21. Nxe4 Bxe4 22. dxe4 Bxh6 23. Qxh6 Rbd8 24. Rcf1 Qd2 25. Rf4 
Qe2 26. fxg6 hxg6 27. h3 Rd1 28. Rxd1 Qxd1+ 29. Kh2 Qd2 30. Qg5 Re8 31. e5
Qd5 32. Rh4 Qe6 33. Rc4 Rd8 34. Rxc5 a4 35. Qe3 Kg7 36. Rc4 a3 37. Qe4 Rd2
38. Rc6 Qf5 39. Qc4 Rxa2 40. e6 Rf2 41. Qc3+ Qf6 42. Qxf6+ Rxf6 43. Ra6 
Rxe6 44. Rxa3 Re3 45. Ra7 e5 46. b4 Rb3 47. Rb7 e4 48. Kg1 Rb2 49. Kf1 e3 
50. Re7 Rxb4 51. Rxe3 Rb1+ 1/2-1/2

[Event "European Cities & Towns Chess Championship - Women"]
[Site "Central Europe"]
[Date "2023.01.29"]
[Round "7.4.2"]
[White "Obada, Ema"]
[Black "Tsouba, Maria"]
[Result "1-0"]
[WhiteElo "2106"]
[BlackElo "1672"]
[BlackCountry "GR"]
[BlackFideId "4231643"]
[BlackTeam "Kallithea - Athens"]
[WhiteCountry "RO"]
[WhiteFideId "1234803"]
[WhiteTeam "Iasi"]
[WhiteTitle "WCM"]

1. e4 e6 2. d4 d5 3. Nd2 Be7 4. e5 c5 5. c3 Nc6 6. Ne2 cxd4 7. cxd4 Bb4 8.
 a3 Ba5 9. b4 Bb6 10. Nf3 Nge7 11. g3 O-O 12. Bg2 Nf5 13. O-O f6 14. exf6 
Qxf6 15. Bg5 Qf7 16. Rc1 h6 17. Bf4 Bd7 18. Qd3 Rac8 19. Ne5 Qe8 20. Nf3 
a6 21. Qd2 Nfe7 22. Bd6 Bc7 23. Bxc7 Rxc7 24. Rfe1 Qf7 25. Nf4 Ng6 26. 
Nxg6 Qxg6 27. Ne5 Qf6 28. f4 Rcc8 29. Nxd7 1-0

[Event "European Cities & Towns Chess Championship - Women"]
[Site "Central Europe"]
[Date "2023.01.29"]
[Round "7.4.3"]
[White "Zarkada, Athina"]
[Black "Andries, Alexia"]
[Result "0-1"]
[WhiteElo "1219"]
[BlackElo "1567"]
[BlackCountry "RO"]
[BlackFideId "1267272"]
[BlackTeam "Iasi"]
[WhiteCountry "GR"]
[WhiteFideId "25890239"]
[WhiteTeam "Kallithea - Athens"]

1. e4 c5 2. Nf3 e6 3. d4 cxd4 4. Nxd4 a6 5. Nc3 Qc7 6. Be3 Nf6 7. Bd3 b5 
8. O-O Bb7 9. f4 b4 10. Nce2 Nxe4 11. Rc1 Nf6 12. Ng3 Nc6 13. Nb3 d6 14. 
c3 bxc3 15. Rxc3 Nd5 16. Qd2 Nxc3 17. Qxc3 Qd7 18. Ne4 Rc8 19. Qd2 Ne7 20.
 Na5 Nf5 21. Nxb7 Qxb7 22. Bf2 d5 23. Ng5 Nd6 24. Nxh7 Nc4 25. Bxc4 Rxc4 
26. Nxf8 Kxf8 27. Qa5 Ke7 28. Re1 Rhc8 29. Qa3+ Ke8 30. f5 Rc1 31. fxe6 
Rxe1+ 32. Bxe1 Qb6+ 33. Bf2 Rc1# 0-1

[Event "European Cities & Towns Chess Championship - Women"]
[Site "Central Europe"]
[Date "2023.01.29"]
[Round "7.4.4"]
[White "Cretu, Sofia"]
[Black "Giannakopoulou, Sotiria"]
[Result "1-0"]
[WhiteElo "1221"]
[BlackElo "1000"]
[BlackCountry "GR"]
[BlackFideId "25883763"]
[BlackTeam "Kallithea - Athens"]
[WhiteCountry "RO"]
[WhiteFideId "1283790"]
[WhiteTeam "Iasi"]

1. e4 e5 2. Nf3 Nc6 3. Bc4 Nf6 4. d3 Bc5 5. O-O O-O 6. c3 h6 7. Bb3 b5 8. 
Nbd2 d6 9. Re1 Rb8 10. Nf1 Bd7 11. Ng3 Qe7 12. Nh4 Ng4 13. Nhf5 Bxf5 14. 
Nxf5 Bxf2+ 15. Kh1 Qf6 16. Rf1 Qg6 17. h3 Ne3 18. Bxe3 Bxe3 19. Nxe3 Ne7 
20. Nf5 Nc6 21. Bd5 Rb6 22. Bxc6 Qe6 23. Bd5 Qd7 24. Qg4 Qd8 25. Qxg7# 1-0